[Event "Verden op-B"]
[Site "Verden"]
[Date "2023.01.07"]
[Round "5"]
[White "Krneta, Slavko"]
[Black "Hornstein, Leonhard Orell"]
[Result "1-0"]
[WhiteElo "1800"]
[BlackElo "1323"]
[PlyCount "101"]
[EventDate "2023.01.05"]
[EventType "swiss"]
[EventRounds "7"]
[EventCountry "GER"]
[SourceTitle "CBM 212 Extra"]
[Source "ChessBase"]
[SourceDate "2023.03.31"]
[SourceVersion "1"]
[SourceVersionDate "2023.03.31"]
[SourceQuality "1"]

1. e4 d5 2. exd5 Qxd5 3. d4 Nf6 4. Nf3 Bg4 5. Be2 e6 6. 0-0 Be7 7. c4 Qh5 8. h3 Bf5 9. Ng5 Qg6 10. Be3 h6 11. Nf3 Nfd7 12. Kh1 Nc6 13. Nc3 Rd8 14. Nb5 Rc8 15. d5 exd5 16. cxd5 Nb4 17. Nxa7 Ra8 18. Nb5 Rc8 19. Nc3 Nc2 20. Rc1 Nxe3 21. fxe3 Qb6 22. e4 Bg6 23. Qd2 Nf6 24. Bd3 0-0 25. g4 Bb4 26. Rce1 Rfe8 27. Qc2 Re7 28. a3 Bxc3 29. bxc3 Rce8 30. e5 Nxd5 31. Qd2 Bxd3 32. Qxd3 Qc6 33. c4 Nb6 34. Qe4 Qxc4 35. Qxb7 Rxe5 36. Nxe5 Rxe5 37. Qf3 Rxe1 38. Rxe1 Qa4 39. Re4 Qb5 40. Qe2 Qd5 41. Kg1 Qc5+ 42. Qe3 Qxe3+ 43. Rxe3 Kf8 44. Rc3 Na8 45. a4 Ke7 46. Rd3 f6 47. a5 Ke8 48. Rb3 Kd7 49. Rb8 Nb6 50. axb6 cxb6 51. Rxb6 1-0

[Event "Verden op-B"]
[Site "Verden"]
[Date "2023.01.05"]
[Round "2"]
[White "Frowein, Ernst Holger"]
[Black "Krneta, Slavko"]
[Result "1/2-1/2"]
[WhiteElo "1755"]
[BlackElo "1800"]
[PlyCount "54"]
[EventDate "2023.01.05"]
[EventType "swiss"]
[EventRounds "7"]
[EventCountry "GER"]
[SourceTitle "CBM 212 Extra"]
[Source "ChessBase"]
[SourceDate "2023.03.31"]
[SourceVersion "1"]
[SourceVersionDate "2023.03.31"]
[SourceQuality "1"]

1. e4 e6 2. d4 d5 3. Nd2 c5 4. c3 Nc6 5. Ngf3 dxe4 6. Nxe4 cxd4 7. Nxd4 Nxd4 8. Qxd4 Qxd4 9. cxd4 Bd7 10. Bf4 Bc6 11. f3 Rd8 12. Rd1 Nf6 13. Nxf6+ gxf6 14. Bc4 Bd6 15. Bh6 Ke7 16. Kf2 Rhg8 17. g3 Bc7 18. Rhe1 Bd5 19. b3 Bb6 20. Be3 a6 21. Bd3 f5 22. Kg2 Kd7 23. Bc4 Ke7 24. Bd3 Bc7 25. Bf2 f4 26. Bxh7 Rg7 27. Be4 Bxe4 1/2-1/2

[Event "Verden op-B"]
[Site "Verden"]
[Date "2023.01.05"]
[Round "1"]
[White "Krneta, Slavko"]
[Black "Rehbein, Vitus"]
[Result "1-0"]
[WhiteElo "1800"]
[BlackElo "1512"]
[PlyCount "63"]
[EventDate "2023.01.05"]
[EventType "swiss"]
[EventRounds "7"]
[EventCountry "GER"]
[SourceTitle "CBM 212 Extra"]
[Source "ChessBase"]
[SourceDate "2023.03.31"]
[SourceVersion "1"]
[SourceVersionDate "2023.03.31"]
[SourceQuality "1"]

1. e4 d6 2. d4 Nf6 3. Bd3 e5 4. c3 Be7 5. Ne2 c6 6. Qc2 Qc7 7. 0-0 0-0 8. f4 exf4 9. Bxf4 Qb6 10. c4 Nbd7 11. Kh1 g6 12. Nbc3 Re8 13. Rf3 Kg7 14. Raf1 Rf8 15. Qd2 Ng8 16. b3 c5 17. Nd5 Qd8 18. e5 dxe5 19. dxe5 Nb6 20. Be4 f6 21. Nxe7 Qxe7 22. exf6+ Rxf6 23. Ng3 Bg4 24. R3f2 h6 25. Bxh6+ Kh7 26. Bg5 Rxf2 27. Rxf2 Qe8 28. Qf4 Qe6 29. h3 Bd1 30. Qf7+ Qxf7 31. Rxf7+ Kh8 32. Bxg6 1-0

[Event "Niedersachsen-ch op-B"]
[Site "Verden an der Aller"]
[Date "2020.01.04"]
[Round "6"]
[White "Krneta, Slavko"]
[Black "Busse, Lukas Oliver"]
[Result "1-0"]
[WhiteElo "1795"]
[BlackElo "1585"]
[PlyCount "141"]
[EventDate "2020.01.02"]
[EventType "swiss"]
[EventRounds "7"]
[EventCountry "GER"]
[SourceTitle "EXT 2023"]
[Source "ChessBase"]
[SourceDate "2022.10.05"]
[SourceVersion "1"]
[SourceVersionDate "2022.10.05"]
[SourceQuality "1"]

1. e4 e5 2. Nf3 Nc6 3. Bc4 Bc5 4. 0-0 Nf6 5. c3 d6 6. d3 h6 7. Re1 0-0 8. Nbd2 a6 9. Nf1 Nh5 10. Nxe5 Qf6 11. Nf3 Bg4 12. Ne3 Bxf3 13. Qxf3 Qg6 14. d4 Ba7 15. Qf5 Ne7 16. Qxg6 Nxg6 17. g3 Nf6 18. Bd3 Rfe8 19. f3 Rad8 20. Nc2 d5 21. Kg2 dxe4 22. fxe4 Nd7 23. Rf1 c5 24. Bc4 Re7 25. e5 b5 26. Be2 Nb8 27. Be3 cxd4 28. Bxd4 Bxd4 29. cxd4 Nxe5 30. Bxb5 axb5 31. dxe5 Rxe5 32. Rf2 Nc6 33. Raf1 f6 34. Na3 Nb4 35. Nc2 Nd3 36. Rd1 Red5 37. Ne3 R5d7 38. Rf5 b4 39. a3 bxa3 40. bxa3 Ne5 41. Ra1 Rd3 42. Nf1 Ra8 43. a4 Ra5 44. Rf4 Kf7 45. Ra2 Nc6 46. Nd2 Rad5 47. Nc4 Na5 48. Nxa5 Rxa5 49. Rb4 Rad5 50. Rb7+ Kg6 51. Rbb2 Rd7 52. a5 Ra7 53. Rb5 Rdd7 54. Ra4 Kf7 55. a6 Ke8 56. Rb8+ Kf7 57. h4 Kg6 58. Rb6 Kf7 59. Ra5 Ke7 60. Kh3 Kd8 61. Kg4 Kc7 62. Re6 Kd8 63. h5 Kc7 64. Kf5 Kd8 65. Rc5 Rf7 66. Kg6 Rfd7 67. Rcc6 Rd5 68. Red6+ Rxd6 69. Rxd6+ Ke7 70. Rb6 Kf8 71. Rb8+ 1-0

[Event "Lueneburg distr-ch Haupt"]
[Site "Muenster"]
[Date "2019.10.17"]
[Round "1"]
[White "Blanck, Helmut"]
[Black "Krneta, Slavko"]
[Result "0-1"]
[WhiteElo "1389"]
[BlackElo "1792"]
[PlyCount "50"]
[EventDate "2019.10.17"]
[EventType "swiss"]
[EventRounds "7"]
[EventCountry "GER"]
[SourceTitle "EXT 2023"]
[Source "ChessBase"]
[SourceDate "2022.10.05"]
[SourceVersion "1"]
[SourceVersionDate "2022.10.05"]
[SourceQuality "1"]

1. d4 e6 2. c4 c5 3. Nf3 cxd4 4. Nxd4 Nc6 5. Nc3 a6 6. Nb3 Nf6 7. g3 d6 8. Bg2 Bd7 9. 0-0 Qc7 10. e4 Ne5 11. Qe2 Qxc4 12. Re1 Qxe2 13. Rxe2 Nc6 14. Bf4 e5 15. Be3 b5 16. Rd1 Be7 17. Red2 0-0 18. f3 Rfc8 19. g4 h6 20. h4 Ne8 21. Nd5 Bd8 22. Bb6 Bxh4 23. Nc7 Nxc7 24. Rxd6 Be8 25. Rc1 Ne6 0-1

[Event "Niedersachsen-ch op B"]
[Site "Verden"]
[Date "2019.01.04"]
[Round "4"]
[White "Scheidt, Mike Niklas"]
[Black "Krneta, Slavko"]
[Result "0-1"]
[WhiteElo "1561"]
[BlackElo "1741"]
[PlyCount "56"]
[EventDate "2019.01.03"]
[EventType "swiss"]
[EventRounds "7"]
[EventCountry "GER"]
[SourceTitle "EXT 2022"]
[Source "ChessBase"]
[SourceDate "2021.10.06"]
[SourceVersion "1"]
[SourceVersionDate "2021.10.06"]
[SourceQuality "1"]

1. e4 e6 2. d4 d5 3. exd5 exd5 4. Bd3 Bd6 5. Nc3 c6 6. Nge2 Ne7 7. Bf4 Bxf4 8. Nxf4 Qb6 9. Nce2 Qxb2 10. 0-0 Qb6 11. c3 Nd7 12. Ng3 0-0 13. Ngh5 Ng6 14. Re1 Qc7 15. Qf3 Nxf4 16. Nxf4 Nf6 17. Re5 Qd6 18. Rae1 Bd7 19. Rg5 h6 20. Rge5 Rfe8 21. Bc2 b5 22. Nd3 Ne4 23. Rxe8+ Rxe8 24. Ne5 Nf6 25. h3 Qa3 26. Bb1 b4 27. Bf5 Bxf5 28. Qxf5 Qxc3 0-1

[Event "Lueneburg distr-ch Meister"]
[Site "Bergen"]
[Date "2018.10.13"]
[Round "5.8"]
[White "Thomas, Jeremy"]
[Black "Krneta, Slavko"]
[Result "0-1"]
[WhiteElo "1599"]
[BlackElo "1794"]
[PlyCount "100"]
[EventDate "2018.10.11"]
[EventType "swiss"]
[EventRounds "7"]
[EventCountry "GER"]
[SourceTitle "EXT 2020"]
[Source "ChessBase"]
[SourceDate "2019.10.17"]
[SourceVersion "1"]
[SourceVersionDate "2019.10.17"]
[SourceQuality "1"]

1. e4 e6 2. d4 d5 3. exd5 exd5 4. Nf3 Bf5 5. Bf4 Bd6 6. Bxd6 Qxd6 7. c3 Ne7 8. Bd3 Bg6 9. Ne5 Nd7 10. Nxd7 Qxd7 11. Qe2 0-0 12. 0-0 Rfe8 13. Qc2 Bxd3 14. Qxd3 Nf5 15. Nd2 Re7 16. Rfe1 Nd6 17. Nf3 Rae8 18. Rxe7 Qxe7 19. Kf1 c6 20. Re1 Ne4 21. Qe2 Qd6 22. Kg1 Re6 23. Qd1 Qf4 24. Qc1 Qf5 25. Re2 g5 26. Nd2 Nxd2 27. Rxd2 Qf4 28. Qd1 Kg7 29. Rd3 Qf5 30. h3 Re4 31. Kf1 Rf4 32. Rd2 Re4 33. Rd3 h6 34. Rf3 Qe6 35. Qd2 f5 36. Re3 f4 37. Re1 Rxe1+ 38. Qxe1 Qe4 39. Qxe4 dxe4 40. g3 Kf6 41. Ke2 b5 42. g4 Ke6 43. b3 Kd5 44. Kd2 c5 45. dxc5 Kxc5 46. Kc2 a5 47. a4 bxa4 48. bxa4 Kc4 49. Kb2 e3 50. fxe3 f3 0-1

[Event "Lueneburg distr-ch Meister"]
[Site "Bergen"]
[Date "2018.10.11"]
[Round "2.8"]
[White "Krneta, Slavko"]
[Black "Kielpinski, Maximilian"]
[Result "1-0"]
[WhiteElo "1794"]
[BlackElo "1962"]
[PlyCount "83"]
[EventDate "2018.10.11"]
[EventType "swiss"]
[EventRounds "7"]
[EventCountry "GER"]
[SourceTitle "EXT 2020"]
[Source "ChessBase"]
[SourceDate "2019.10.17"]
[SourceVersion "1"]
[SourceVersionDate "2019.10.17"]
[SourceQuality "1"]

1. e4 c6 2. Nf3 d5 3. Nc3 dxe4 4. Nxe4 Bf5 5. Ng3 Bg6 6. h4 h6 7. Ne5 Bh7 8. Bc4 e6 9. Qh5 Qe7 10. d3 Nf6 11. Qe2 Nbd7 12. Bf4 Nxe5 13. Bxe5 Nd7 14. Bc3 b5 15. Bb3 Nc5 16. Nh5 a5 17. a3 Nxb3 18. cxb3 f6 19. 0-0 Kf7 20. Rfe1 Qd7 21. Rad1 b4 22. axb4 axb4 23. Bd2 Be7 24. Be3 Qd5 25. Nf4 Qxb3 26. Qh5+ g6 27. Qf3 e5 28. Ne2 Qd5 29. Qxd5+ cxd5 30. Bxh6 Ra2 31. Bc1 d4 32. f4 Rc8 33. fxe5 fxe5 34. g3 Rc2 35. Kf2 b3 36. Kf3 Kg7 37. Nxd4 Bb4 38. Rxe5 Bg8 39. Rb5 Bc5 40. Nxc2 bxc2 41. Rf1 Bd6 42. Rf2 1-0

[Event "Lueneburg distr-ch Haupt"]
[Site "Lueneburg"]
[Date "2017.10.14"]
[Round "6"]
[White "Krneta, Slavko"]
[Black "Thamm, Oliver"]
[Result "1-0"]
[WhiteElo "1742"]
[BlackElo "2090"]
[PlyCount "81"]
[EventDate "2017.10.12"]
[EventType "swiss"]
[EventRounds "7"]
[EventCountry "GER"]
[SourceTitle "EXT 2019"]
[Source "ChessBase"]
[SourceDate "2018.10.10"]
[SourceVersion "1"]
[SourceVersionDate "2018.10.10"]
[SourceQuality "1"]

1. e4 g6 2. d4 Bg7 3. c3 c6 4. Bd3 d5 5. e5 Nh6 6. f4 0-0 7. Nf3 f6 8. Qc2 f5 9. Be3 e6 10. Nbd2 b6 11. 0-0-0 a5 12. h3 Ba6 13. Rdg1 Bxd3 14. Qxd3 Nf7 15. g4 Kh8 16. g5 Kg8 17. h4 Re8 18. Qe2 Nd7 19. h5 Nh8 20. Qh2 Kf7 21. Rg3 Rg8 22. Rh3 b5 23. Qe2 Nb6 24. Nb3 Nd7 25. Nc5 Ke7 26. Nb7 Qb8 27. Nd6 Nb6 28. b3 a4 29. Qb2 axb3 30. axb3 Nc8 31. Nxc8+ Qxc8 32. Ne1 Qa6 33. Nd3 Qa1+ 34. Kc2 Qxb2+ 35. Kxb2 Ra7 36. Nb4 Kd7 37. hxg6 hxg6 38. Rh7 Nf7 39. R1h6 Ke8 40. Rxg6 Nh8 41. Rxe6+ 1-0

[Event "Schleswig Holstein-ch Seniors op 11th"]
[Site "Buesum"]
[Date "2017.09.09"]
[Round "2"]
[White "Weck, Uwe"]
[Black "Krneta, Slavko"]
[Result "1/2-1/2"]
[WhiteElo "1591"]
[BlackElo "1810"]
[PlyCount "46"]
[EventDate "2017.09.08"]
[EventType "swiss"]
[EventRounds "9"]
[EventCountry "GER"]
[SourceTitle "EXT 2019"]
[Source "ChessBase"]
[SourceDate "2018.10.10"]
[SourceVersion "1"]
[SourceVersionDate "2018.10.10"]
[SourceQuality "1"]

1. Nf3 c5 2. c4 Nc6 3. Nc3 g6 4. g3 d6 5. Bg2 Bd7 6. 0-0 Qc8 7. d3 h5 8. h4 Bh3 9. Ne4 Bxg2 10. Kxg2 Qd7 11. Qa4 0-0-0 12. d4 cxd4 13. b4 Ne5 14. Qxa7 Nxf3 15. Qa8+ Kc7 16. Qa5+ Kb8 17. Kxf3 e5 18. Kg2 Be7 19. b5 Qc7 20. Qxc7+ Kxc7 21. a4 d5 22. Ng5 Bxg5 23. Bxg5 f6 1/2-1/2

[Event "Niedersachsen-ch Seniors 51st"]
[Site "Handeloh"]
[Date "2017.06.23"]
[Round "6"]
[White "Krneta, Slavko"]
[Black "Hilburt, Leonid"]
[Result "1-0"]
[WhiteElo "1755"]
[BlackElo "1877"]
[PlyCount "55"]
[EventDate "2017.06.18"]
[EventType "swiss"]
[EventRounds "7"]
[EventCountry "GER"]
[SourceTitle "EXT 2023"]
[Source "ChessBase"]
[SourceDate "2022.10.05"]
[SourceVersion "1"]
[SourceVersionDate "2022.10.05"]
[SourceQuality "1"]

1. e4 d5 2. Nc3 d4 3. Nb1 e5 4. Bc4 Nc6 5. d3 Na5 6. Bxf7+ Kxf7 7. Qh5+ Ke6 8. f4 Nc6 9. Nf3 g6 10. f5+ Kd6 11. fxg6 Nf6 12. Qh4 Be7 13. g7 Rg8 14. Qh6 Kc5 15. b4+ Kb6 16. 0-0 Qd6 17. Nbd2 Ka6 18. Nc4 Qe6 19. Ng5 Qd7 20. a4 Nxb4 21. Nxe5 Qd8 22. Nxh7 Nxc2 23. Nxf6 Bxf6 24. Rxf6+ b6 25. Rf8 Qe7 26. Nc6 Qe6 27. Rxg8 Qxg8 28. Ne7 1-0

[Event "Niedersachsen-ch op-C"]
[Site "Verden"]
[Date "2017.01.06"]
[Round "4"]
[White "Krneta, Slavko"]
[Black "Brockmeyer, Tobias"]
[Result "1-0"]
[WhiteElo "1822"]
[BlackElo "1545"]
[PlyCount "141"]
[EventDate "2017.01.05"]
[EventType "swiss"]
[EventRounds "7"]
[EventCountry "GER"]
[SourceTitle "CBM 187 Extra"]
[Source "ChessBase"]
[SourceDate "2018.11.04"]
[SourceVersion "1"]
[SourceVersionDate "2018.11.04"]
[SourceQuality "1"]

1. e4 c5 2. Nf3 e6 3. d4 cxd4 4. Nxd4 Nc6 5. Nb5 d6 6. Bf4 e5 7. Be3 a6 8. N5c3 Be6 9. Nd5 Nf6 10. Bb6 Qc8 11. Nc7+ Kd7 12. Nxa8 Qxa8 13. Nc3 Be7 14. Be2 Bd8 15. Be3 b5 16. f3 Ba5 17. Qd2 Rc8 18. 0-0 Bxc3 19. Qxc3 Nd4 20. Bxd4 Rxc3 21. Bxc3 Qa7+ 22. Kh1 Qb6 23. Rfd1 Kc7 24. b3 g5 25. Rd2 g4 26. Rad1 gxf3 27. gxf3 Qf2 28. Ba5+ Kb7 29. Bf1 Qxf3+ 30. Bg2 Qh5 31. Rf1 Ng4 32. Bf3 Qh3 33. Kg1 Ne3 34. Rff2 Bg4 35. Bg2 Nxg2 36. Rxf7+ Ka8 37. Rxg2 Qe3+ 38. Rgf2 Qc1+ 39. Kg2 Bc8 40. h4 Qe3 41. Rf8 Qxe4+ 42. Kf1 Qh1+ 43. Ke2 Qe4+ 44. Kd1 Qd4+ 45. Bd2 Qg4+ 46. Kc1 Kb7 47. R2f7+ Kc6 48. Rxh7 Bf5 49. Rhf7 Bg6 50. Rg7 Qe4 51. Rc8+ Kd5 52. Ba5 b4 53. Bxb4 Qxb4 54. Rxg6 Qe1+ 55. Kb2 Qxh4 56. Rc4 Qe1 57. Rgg4 Qe3 58. Ra4 Qb6 59. Rgc4 Ke6 60. Rh4 Kf5 61. Rhb4 Qc6 62. Ra5 d5 63. Rba4 e4 64. Rd4 Ke5 65. Raxd5+ Kf4 66. Rd6 Qc8 67. Rd8 Qf5 68. Re8 a5 69. Rexe4+ Qxe4 70. Rxe4+ Kxe4 71. Kc3 1-0

[Event "Niedersachsen-ch op-C"]
[Site "Verden"]
[Date "2017.01.06"]
[Round "3"]
[White "Schaper, Katharina"]
[Black "Krneta, Slavko"]
[Result "1/2-1/2"]
[WhiteElo "1556"]
[BlackElo "1822"]
[PlyCount "101"]
[EventDate "2017.01.05"]
[EventType "swiss"]
[EventRounds "7"]
[EventCountry "GER"]
[SourceTitle "CBM 187 Extra"]
[Source "ChessBase"]
[SourceDate "2018.11.04"]
[SourceVersion "1"]
[SourceVersionDate "2018.11.04"]
[SourceQuality "1"]

1. d4 Nf6 2. c4 e6 3. Nf3 d5 4. Nc3 Be7 5. Bg5 Nbd7 6. e3 c6 7. cxd5 exd5 8. Bd3 h6 9. Bxf6 Nxf6 10. h3 0-0 11. 0-0 Re8 12. Qc2 Bd6 13. a3 Bd7 14. b4 b6 15. Rac1 Qe7 16. Rfe1 a5 17. e4 dxe4 18. Nxe4 Nxe4 19. Rxe4 Qf8 20. Rh4 Be7 21. Rf4 Bd6 22. Rh4 axb4 23. axb4 Bxb4 24. Ne5 Rxe5 25. dxe5 Bc5 26. Bc4 Qe7 27. Rf4 Be6 28. Qe4 Bxc4 29. Qxc6 Re8 30. Rfxc4 Qxe5 31. Rxc5 bxc5 32. Rxc5 Qa1+ 33. Kh2 Re6 34. Qd7 Qf6 35. Rc8+ Kh7 36. Qd3+ g6 37. Qd2 Qe5+ 38. Kg1 Rd6 39. Qc2 Qe1+ 40. Kh2 Rf6 41. f3 Qe5+ 42. Kg1 Ra6 43. Qd2 Rd6 44. Qc2 h5 45. Rc5 Qe1+ 46. Kh2 h4 47. Rh5+ Kg7 48. Qb2+ Rf6 49. Rg5 Qe6 50. Rg4 Qd6+ 51. Kg1 1/2-1/2

[Event "Lueneburg distr-ch Haupt"]
[Site "Muenster"]
[Date "2016.10.13"]
[Round "1.1"]
[White "Krneta, Slavko"]
[Black "Dunker, Lueder"]
[Result "1-0"]
[WhiteElo "1813"]
[BlackElo "1383"]
[PlyCount "93"]
[EventDate "2016.10.13"]
[EventType "swiss"]
[EventRounds "7"]
[EventCountry "GER"]
[SourceTitle "EXT 2019"]
[Source "ChessBase"]
[SourceDate "2018.10.10"]
[SourceVersion "1"]
[SourceVersionDate "2018.10.10"]
[SourceQuality "1"]

1. e4 c5 2. Nf3 Nc6 3. c3 d6 4. d4 cxd4 5. cxd4 e6 6. Nc3 Be7 7. Be3 a6 8. Rc1 Nf6 9. Bd3 Ng4 10. 0-0 Nxe3 11. fxe3 Qb6 12. Qe2 0-0 13. Rf2 Bd7 14. Bb1 Rac8 15. Qd2 Bf6 16. Re1 Ne7 17. e5 dxe5 18. dxe5 Bxe5 19. Nxe5 Bc6 20. Qd4 Qc7 21. Qf4 Nd5 22. Nxd5 Bxd5 23. e4 Bc6 24. Nxc6 Qxc6 25. e5 Qc5 26. h3 f6 27. Qe4 f5 28. Qe2 g6 29. Bc2 Rc6 30. Bb3 Kg7 31. Kh2 b5 32. Rf3 Rfc8 33. Rc3 Qb4 34. Rxc6 Rxc6 35. Qe3 a5 36. a3 Qh4 37. Rd1 f4 38. Qf3 Qg5 39. Qxc6 Qg3+ 40. Kh1 Qxb3 41. Rd7+ Kh6 42. Qb7 Qg3 43. Rxh7+ Kg5 44. Qf3 Qe1+ 45. Kh2 Qxe5 46. Rf7 Kh6 47. Qxf4+ 1-0

[Event "Lueneburg distr-ch Haupt"]
[Site "Tostedt"]
[Date "2015.10.25"]
[Round "7.1"]
[White "Palmer, Harald"]
[Black "Krneta, Slavko"]
[Result "0-1"]
[WhiteElo "1896"]
[BlackElo "1820"]
[PlyCount "72"]
[EventDate "2015.10.22"]
[EventType "swiss"]
[EventRounds "7"]
[EventCountry "GER"]
[SourceTitle "EXT 2019"]
[Source "ChessBase"]
[SourceDate "2018.10.10"]
[SourceVersion "1"]
[SourceVersionDate "2018.10.10"]
[SourceQuality "1"]

1. e4 e6 2. d4 d5 3. Nd2 Nf6 4. e5 Nfd7 5. Bd3 c5 6. c3 Nc6 7. Ne2 Qb6 8. Nf3 Be7 9. 0-0 a6 10. a3 a5 11. b3 Qd8 12. Be3 b6 13. Qc2 Ba6 14. Ng3 Qc8 15. Nh5 Bxd3 16. Qxd3 0-0 17. Ng5 g6 18. Ng3 Qa6 19. Qd2 a4 20. b4 Qc4 21. Nf3 f6 22. Bh6 Rf7 23. exf6 Bxf6 24. Rfe1 cxd4 25. cxd4 Nxd4 26. Rac1 Nb3 27. Rxc4 Nxd2 28. Rc7 Nxf3+ 29. gxf3 Ne5 30. Rec1 Nc4 31. Rxf7 Kxf7 32. Be3 Bb2 33. Rc2 Bxa3 34. b5 Bb2 35. Ne4 a3 36. Bg5 a2 0-1

[Event "Lueneburg distr-ch Haupt"]
[Site "Tostedt"]
[Date "2015.10.23"]
[Round "3.1"]
[White "Krneta, Slavko"]
[Black "Tiedemann, Joerg"]
[Result "1/2-1/2"]
[WhiteElo "1820"]
[BlackElo "1916"]
[PlyCount "75"]
[EventDate "2015.10.22"]
[EventType "swiss"]
[EventRounds "7"]
[EventCountry "GER"]
[SourceTitle "EXT 2019"]
[Source "ChessBase"]
[SourceDate "2018.10.10"]
[SourceVersion "1"]
[SourceVersionDate "2018.10.10"]
[SourceQuality "1"]

1. e4 c5 2. Nf3 Nc6 3. c3 d6 4. Be2 Nf6 5. d3 e5 6. 0-0 Be7 7. Re1 h6 8. Nbd2 Be6 9. Nf1 0-0 10. Qc2 Rc8 11. Ng3 Qd7 12. Bf1 Nh7 13. Qe2 Bg4 14. h3 Be6 15. Bd2 b6 16. b3 Kh8 17. Qd1 Rg8 18. Nh2 Bg5 19. Bxg5 Nxg5 20. Qd2 Ne7 21. f4 exf4 22. Qxf4 Ng6 23. Qe3 Rce8 24. Nf3 Qe7 25. Nxg5 Qxg5 26. Qxg5 hxg5 27. Be2 Nf4 28. Kf2 g6 29. d4 cxd4 30. cxd4 Rc8 31. Rac1 Rxc1 32. Rxc1 Rc8 33. Rxc8+ Bxc8 34. Bf1 Kg7 35. Ke3 Kf6 36. e5+ Ke6 37. exd6 f5 38. Bc4+ 1/2-1/2

[Event "Lueneburg distr-ch Haupt"]
[Site "Tostedt"]
[Date "2015.10.22"]
[Round "2.3"]
[White "Suliga, Eckhard"]
[Black "Krneta, Slavko"]
[Result "0-1"]
[WhiteElo "1747"]
[BlackElo "1820"]
[PlyCount "172"]
[EventDate "2015.10.22"]
[EventType "swiss"]
[EventRounds "7"]
[EventCountry "GER"]
[SourceTitle "EXT 2019"]
[Source "ChessBase"]
[SourceDate "2018.10.10"]
[SourceVersion "1"]
[SourceVersionDate "2018.10.10"]
[SourceQuality "1"]

1. e4 e6 2. d4 d5 3. Nc3 Nf6 4. Bg5 Be7 5. e5 Nfd7 6. Bxe7 Qxe7 7. f4 a6 8. Nf3 c5 9. dxc5 Qxc5 10. Qd4 Nc6 11. Qxc5 Nxc5 12. Bd3 b5 13. a3 Bb7 14. Kf2 Ke7 15. Ne2 Rac8 16. Ned4 Rc7 17. Ke3 Rhc8 18. Rac1 Na4 19. Rb1 Nb6 20. Rhg1 Nxd4 21. Nxd4 Nd7 22. g3 Nc5 23. g4 Nd7 24. h4 Rh8 25. Rg3 g6 26. Rbg1 h5 27. g5 Nb6 28. Rf1 Na4 29. Rb1 Bc6 30. Rgg1 Bd7 31. Kd2 Rb8 32. c3 a5 33. Nc2 Nc5 34. Nd4 b4 35. Rgc1 Ra7 36. cxb4 Nxd3 37. Kxd3 axb4 38. axb4 Rxb4 39. b3 Rab7 40. Kc3 R4b6 41. Ra1 Be8 42. Ra5 Rc7+ 43. Kd2 Rxc1 44. Kxc1 Rb4 45. Ra7+ Kf8 46. Ne2 Rxb3 47. Ra8 Rb7 48. Ra3 Bb5 49. Rb3 Rc7+ 50. Rc3 Bc4 51. Nd4 Ra7 52. Nc2 Ke7 53. Kd2 Ra2 54. Ra3 Rb2 55. Kc3 Rb1 56. Ra1 Rb3+ 57. Kd4 Rf3 58. Kc5 Kf8 59. Ra8+ Kg7 60. Ra7 Rc3 61. Nd4 Bd3+ 62. Kd6 Bf5 63. Rc7 Ra3 64. Nc6 d4 65. Nxd4 Rd3 66. Ke7 Rxd4 67. Ke8 Kg8 68. Ke7 Ra4 69. Kf6 Ra8 70. Rd7 Rf8 71. Rc7 Be4 72. Ra7 Rb8 73. Rxf7 Rf8 74. Rxf8+ Kxf8 75. Kxe6 Ke8 76. Kd6 Bf5 77. Kc5 Ke7 78. Kd4 Ke6 79. Kc5 Be4 80. Kb6 Bd5 81. Kc7 Kf5 82. Kd6 Bb3 83. Kd7 Kxf4 84. e6 Kg4 85. e7 Ba4+ 86. Ke6 Kxh4 0-1

[Event "Schleswig Holstein-ch Seniors op 9th"]
[Site "Buesum"]
[Date "2015.10.04"]
[Round "6"]
[White "Krneta, Slavko"]
[Black "Linz, Stefan"]
[Result "1/2-1/2"]
[WhiteElo "1871"]
[BlackElo "1695"]
[PlyCount "120"]
[EventDate "2015.09.28"]
[EventType "swiss"]
[EventRounds "9"]
[EventCountry "GER"]
[SourceTitle "EXT 2018"]
[Source "ChessBase"]
[SourceDate "2017.10.13"]
[SourceVersion "1"]
[SourceVersionDate "2017.10.13"]
[SourceQuality "1"]

1. e4 g6 2. f4 Bg7 3. Nf3 d6 4. d4 Nf6 5. Bd3 0-0 6. c3 e6 7. 0-0 Nc6 8. Kh1 a6 9. Be3 b5 10. g3 Ne7 11. Kg2 Bb7 12. Nbd2 Ng4 13. Bg1 Nf6 14. a4 c6 15. Qe2 Qd7 16. h3 Rfd8 17. g4 c5 18. axb5 axb5 19. Bxb5 Qc7 20. Bd3 cxd4 21. cxd4 Rxa1 22. Rxa1 Ra8 23. Qd1 Rxa1 24. Qxa1 Bc6 25. b4 Qb7 26. Qa5 Nxe4 27. Nxe4 Bxe4 28. Be2 Nc6 29. Qa4 Qxb4 30. Qa8+ Bf8 31. Qa1 Qd2 32. Qd1 Qxf4 33. Qb3 Qf6 34. Qb6 Qd8 35. Qxd8 Nxd8 36. Bb5 Bg7 37. Kg3 h6 38. Be3 Bc6 39. Bc4 d5 40. Ba6 Bb7 41. Bb5 Nc6 42. Kf2 Na7 43. Bd3 Nc6 44. Bb5 Kh7 45. h4 Bf8 46. h5 g5 47. Ne5 Nxe5 48. dxe5 Ba3 49. Bd4 Kg7 50. Bd7 Ba6 51. Ke3 Bb4 52. Kf2 Bc4 53. Ke3 Bb3 54. Ke2 Bc4+ 55. Ke3 Bf1 56. Kf2 Bd3 57. Ke3 Bc4 58. Kf2 Bd2 59. Bc6 Bf4 60. Bd7 Bb3 1/2-1/2

[Event "Schleswig Holstein-ch Seniors op 9th"]
[Site "Buesum"]
[Date "2015.09.29"]
[Round "2"]
[White "Harders, Werner"]
[Black "Krneta, Slavko"]
[Result "0-1"]
[WhiteElo "1569"]
[BlackElo "1871"]
[PlyCount "92"]
[EventDate "2015.09.28"]
[EventType "swiss"]
[EventRounds "9"]
[EventCountry "GER"]
[SourceTitle "EXT 2018"]
[Source "ChessBase"]
[SourceDate "2017.10.13"]
[SourceVersion "1"]
[SourceVersionDate "2017.10.13"]
[SourceQuality "1"]

1. d4 d5 2. e3 Nf6 3. f4 g6 4. Nf3 Bg7 5. Bd3 0-0 6. a3 Nbd7 7. 0-0 c5 8. c3 Qc7 9. Nbd2 b6 10. h3 Bb7 11. Qe1 Ne4 12. c4 e6 13. Nh2 Nxd2 14. Bxd2 cxd4 15. e4 dxc4 16. Rc1 b5 17. Bb4 Rfc8 18. e5 Bd5 19. Nf3 Qb6 20. Ba5 Qb7 21. Bb1 d3 22. Bc3 Nc5 23. Ba2 Na4 24. Bd4 Bf8 25. Rf2 a5 26. Rd2 b4 27. Rf2 b3 28. Bb1 Bxf3 29. gxf3 Bc5 30. Rxc4 Bxd4 31. Rxd4 Nc5 32. Bxd3 Nxd3 33. Rxd3 Rc4 34. Qe3 a4 35. Kg2 Rac8 36. Rfd2 Rc2 37. Kg3 Rxd2 38. Rxd2 Qc6 39. Qd3 Qc1 40. Qd4 Qe1+ 41. Kg4 Kg7 42. Rd1 Qe2 43. Rd2 h5+ 44. Kg3 Qe1+ 45. Kg2 Qxd2+ 46. Qxd2 Rc2 0-1

[Event "Niedersachsen-ch Seniors 49th"]
[Site "Wesel Undeloh"]
[Date "2015.07.21"]
[Round "3"]
[White "Krneta, Slavko"]
[Black "Cordes, Lothar"]
[Result "1-0"]
[WhiteElo "1826"]
[BlackElo "1773"]
[PlyCount "67"]
[EventDate "2015.07.19"]
[EventType "swiss"]
[EventRounds "7"]
[EventCountry "GER"]
[SourceTitle "EXT 2018"]
[Source "ChessBase"]
[SourceDate "2017.10.13"]
[SourceVersion "1"]
[SourceVersionDate "2017.10.13"]
[SourceQuality "1"]

1. e4 e5 2. Nf3 Nc6 3. Bc4 Nf6 4. Ng5 d5 5. exd5 b5 6. Bb3 Nd4 7. 0-0 Nxb3 8. axb3 Qxd5 9. Nc3 Qc5 10. Qe2 Bd6 11. Qxb5+ Qxb5 12. Nxb5 Bd7 13. Nxd6+ cxd6 14. d3 0-0 15. Ra6 Rfc8 16. c3 Rc6 17. Ra3 Bf5 18. Rd1 h6 19. Nf3 Bg4 20. Be3 Bxf3 21. gxf3 a6 22. b4 Nd5 23. b5 Nxe3 24. fxe3 Rb6 25. c4 d5 26. b3 dxc4 27. bxc4 a5 28. Kf2 Kf8 29. Rda1 Rd8 30. Rc3 Ra8 31. Rb1 Rab8 32. Ra3 Rd8 33. c5 Rf6 34. b6 1-0